00235nam a2200109Ia 4500008004100000041000800041082001200049100002000061245002700081260000900108300000800117230901s2013 xx 000 0 und d amar a810/BEN aDR. ANYE BENZAT aBHARTIYA YOUDACHI KATA c2013 a184